000 00259nam a22001217a 4500
008 170324b xxu||||| |||| 00| 0 eng d
041 _aeng
080 _29TH
_a611
100 _a6
101 _ashm
245 _aANATOMY & PHYSIOLOGY
_cMARTINI
942 _2udc
_cBK
999 _c8533
_d8533